Canalejas / (Record no. 143763)

MARC details
000 -LEADER
campo de control de longitud fija 00773nam a2200229 i 4500
001 - NÚMERO DE CONTROL
campo de control 143763
003 - IDENTIFICADOR DE NÚMERO DE CONTROL
campo de control ES-MaACL
005 - FECHA Y HORA DE LA ÚLTIMA TRANSACCIÓN
campo de control 20231228180014.0
007 - CAMPO FIJO DE DESCRIPCIÓN FÍSICA--INFORMACIÓN GENERAL
campo de control de longitud fija t|
008 - DATOS DE LONGITUD FIJA--INFORMACIÓN GENERAL
campo de control de longitud fija 070214s1956 sp r ||||1| spa d
100 1# - ENTRADA PRINCIPAL--NOMBRE DE PERSONA
Nombre de persona Sevilla Andrés, Diego.
9 (RLIN) 105934
245 10 - MENCIÓN DEL TÍTULO
Título Canalejas /
Mención de responsabilidad, etc. Diego Sevilla Andrés ; prólogo de Jesús Pabón.
250 ## - MENCION DE EDICION
Mención de edición 1ª ed.
260 ## - PUBLICACIÓN, DISTRIBUCIÓN, ETC.
Lugar de publicación, distribución, etc. Barcelona :
Nombre del editor, distribuidor, etc. Aedos,
Fecha de publicación, distribución, etc. 1956 (
Fabricante Simpar)
300 ## - DESCRIPCIÓN FÍSICA
Extensión 482 p., XX lám. :
Otras características físicas il. retr. biogr. ;
Dimensiones 22 cm.
490 1# - MENCIÓN DE SERIE
Mención de serie Biblioteca biográfica ;
Designación de volumen o secuencia 8
600 14 - PUNTO DE ACCESO ADICIONAL DE MATERIA--NOMBRE DE PERSONA
Nombre de persona Canalejas, José,
Fechas asociadas al nombre 1854-1912
9 (RLIN) 34382
700 1# - ENTRADA AGREGADA--NOMBRE PERSONAL
Nombre de persona Pabón y Suárez de Urbina, Jesús,
Fechas asociadas al nombre 1902-1976
9 (RLIN) 88103
830 0# - PUNTO DE ACCESO ADICIONAL DE SERIE-TÍTULO UNIFORME
Título uniforme Biblioteca biográfica ;
Designación de volumen o secuencia 8
9 (RLIN) 181197
852 ## - LOCALIZACIÓN
Ubicación ES-MaACL
Número de control de estantería C-12251
Sublocalización o colección R.40326
Holdings
Estatus retirado Estado de pérdida Estado de daño No para préstamo Biblioteca de origen Biblioteca actual Ubicación en estantería Fecha de adquisición Fuente de adquisición Total de préstamos Signatura topográfica completa Código de barras Visto por última vez Precio de reemplazo Tipo de ítem Koha
        Biblioteca del Ateneo de Madrid Biblioteca del Ateneo de Madrid Sala Palomar 17/01/2008     C-12251 1149572 23/02/2023 23/02/2023 Libro impreso